| 000 | 00881nam a2200205Ia 4500 | ||
|---|---|---|---|
| 001 | 17022 | ||
| 003 | GE_BSU | ||
| 008 | 181216s||||||||xx |||||||||||||| ||und|| | ||
| 040 | _cGE_BSU | ||
| 080 | _a821.161.1-1 + 821.161.1-11 | ||
| 100 | _aნეკრასოვი, ნ.ა. | ||
| 245 | _aლექსები და პოემები | ||
| 245 | _cმთარგმნ.: ვ. გაფრინდაშვილი, ვ. გორგაძე, ი. ევდოშვილი, გ. ცეცხლაძე, ვარდოშვილი ხ. ; რედაქტ. და წინასიტყვ. ავტ.: ანა ნიკოლაძე. | ||
| 260 | _aთბილისი | ||
| 260 | _bსახელგამი | ||
| 260 | _c1948 | ||
| 300 | _a148გვ. ; 21სმ. | ||
| 653 | _aლექსები და პოემები | ||
| 942 | _cBK | ||
| 999 |
_c50084 _d50084 |
||